[Event "Kishinev op"]
[Site "Kishinev"]
[Date "2014.01.23"]
[Round "6"]
[White "Mocanu, Valeria"]
[Black "Evtusenco, Vlad"]
[Result "1-0"]
[WhiteElo "1581"]
[BlackElo "1506"]
[PlyCount "85"]
[EventDate "2014.01.18"]
[EventType "swiss"]
[EventRounds "9"]
[EventCountry "MDA"]
[SourceTitle "EXT 2016"]
[Source "ChessBase"]
[SourceDate "2015.10.08"]
[SourceVersion "1"]
[SourceVersionDate "2015.10.08"]
[SourceQuality "1"]

1. e4 e5 2. Nf3 Nc6 3. Bc4 Be7 4. Nc3 Nf6 5. d3 d6 6. h3 h6 7. Be3 0-0 8. Qe2 a6 9. g4 Nh7 10. Nd5 Na5 11. Nxe7+ Qxe7 12. Bb3 Nxb3 13. axb3 c6 14. Rg1 f6 15. h4 Qf7 16. Rg3 Bd7 17. g5 fxg5 18. hxg5 h5 19. g6 Qf6 20. gxh7+ Kxh7 21. Bg5 Qf7 22. Bh4 Kh8 23. Ng5 Qg6 24. 0-0-0 Rf4 25. Nh3 Rg4 26. Rdg1 Qe8 27. Bg5 Qg6 28. Be3 Rf8 29. Ng5 Qe8 30. Rh1 Kg8 31. Rxg4 Bxg4 32. f3 Bd7 33. Qh2 g6 34. Qg2 d5 35. Rg1 d4 36. Bd2 c5 37. Nh3 Kg7 38. Rf1 Qd8 39. f4 Bg4 40. fxe5 Qe7 41. Rxf8 Qxf8 42. Qf2 Bxh3 43. Bh6+ 1-0

[Event "Kishinev op"]
[Site "Kishinev"]
[Date "2014.01.22"]
[Round "5"]
[White "Evtusenco, Vlad"]
[Black "Morozov, Nichita"]
[Result "0-1"]
[WhiteElo "1506"]
[BlackElo "2174"]
[PlyCount "94"]
[EventDate "2014.01.18"]
[EventType "swiss"]
[EventRounds "9"]
[EventCountry "MDA"]
[SourceTitle "EXT 2016"]
[Source "ChessBase"]
[SourceDate "2015.10.08"]
[SourceVersion "1"]
[SourceVersionDate "2015.10.08"]
[SourceQuality "1"]

1. e4 d6 2. d4 Nf6 3. Nc3 g6 4. Nf3 Bg7 5. Be2 0-0 6. 0-0 c6 7. h3 Qc7 8. Be3 e5 9. dxe5 dxe5 10. Bd3 Nh5 11. a3 Nf4 12. Ne2 Rd8 13. Qd2 Ne6 14. Rad1 Nd4 15. Nexd4 exd4 16. Bf4 Qb6 17. b3 Nd7 18. Bc4 Nc5 19. Rfe1 Be6 20. Bxe6 Nxe6 21. Be5 Bxe5 22. Nxe5 Qc5 23. Nd3 Qxa3 24. f4 Qe7 25. e5 Ng7 26. Nf2 f5 27. Nd3 Ne6 28. Qf2 a5 29. Ra1 b5 30. Qf3 c5 31. Qc6 Qd7 32. Qxd7 Rxd7 33. g3 Rb7 34. Nb2 Kf7 35. Kf2 Ke7 36. Red1 Rb6 37. Ke2 Nc7 38. Ra3 Nd5 39. Rda1 Rba6 40. Nd3 b4 41. Nxc5 bxa3 42. Nxa6 Rxa6 43. Rxa3 Nb4 44. Kd2 Rc6 45. Rxa5 Rxc2+ 46. Kd1 Rg2 47. Ra7+ Ke6 0-1

[Event "Kishinev op"]
[Site "Kishinev"]
[Date "2014.01.19"]
[Round "2"]
[White "Bodlev, Evgheni"]
[Black "Evtusenco, Vlad"]
[Result "1-0"]
[WhiteElo "1909"]
[BlackElo "1506"]
[PlyCount "61"]
[EventDate "2014.01.18"]
[EventType "swiss"]
[EventRounds "9"]
[EventCountry "MDA"]
[SourceTitle "EXT 2016"]
[Source "ChessBase"]
[SourceDate "2015.10.08"]
[SourceVersion "1"]
[SourceVersionDate "2015.10.08"]
[SourceQuality "1"]

1. Nf3 c5 2. c4 Nc6 3. d4 d6 4. d5 Nb8 5. Nc3 g6 6. g3 Bg7 7. Bg2 Nf6 8. 0-0 0-0 9. Bd2 Nbd7 10. Qc1 Nb6 11. b3 Re8 12. a4 Nbd7 13. a5 Nb8 14. Bh6 Bh8 15. h3 Na6 16. g4 Nb4 17. Ng5 Bd7 18. f4 Bxg4 19. hxg4 Nxg4 20. f5 Nxh6 21. fxg6 hxg6 22. Ne6 fxe6 23. Qxh6 Rf8 24. Qxg6+ Bg7 25. Rxf8+ Qxf8 26. Rf1 Qe8 27. Qxe6+ Kh8 28. Qh3+ Kg8 29. Be4 Bf6 30. Qh7+ Kf8 31. Bg6 1-0